000 00467nam a2200181Ia 4500
003 GCL
008 140319s9999 xx 000 0 ara d
040 _aGCL /
_cGCL
082 0 4 _aط
_b813.08
_bم ب
100 1 _aمحجوب عمر
245 1 0 _aالبلح الاحمر /
_cمحجوب عمر
300 _a31 ص
490 _aالافق الجديد
_v0
650 0 4 _aالاطفال
650 0 4 _aالقصص
650 0 4 _aقصص الاطفال
942 _2ddc
_cBK
999 _c50580
_d50580